[Event "Paleochora op 13th"]
[Site "Paleochora"]
[Date "2020.07.18"]
[Round "1"]
[White "Alevizakis, Panagiotis"]
[Black "Plat, Vojtech"]
[Result "0-1"]
[WhiteElo "1847"]
[BlackElo "2562"]
[PlyCount "130"]
[EventDate "2020.07.18"]
[EventType "swiss"]
[EventRounds "9"]
[EventCountry "GRE"]
[SourceTitle "CBM 197 Extra"]
[Source "ChessBase"]
[SourceDate "2020.09.30"]
[SourceVersion "1"]
[SourceVersionDate "2020.09.30"]
[SourceQuality "1"]

1. d4 d6 2. e4 Nf6 3. Nc3 Nbd7 4. Be3 e5 5. d5 c6 6. Qd2 Be7 7. f3 Qa5 8. Nge2 Nb6 9. Nc1 Nbd7 10. Nb3 Qc7 11. a4 a5 12. Qf2 cxd5 13. exd5 b6 14. Bb5 0-0 15. Bc6 Bb7 16. Nb5 Qc8 17. Bxd7 Nxd7 18. Rd1 Qc4 19. Nc3 b5 20. Qe2 Qxe2+ 21. Kxe2 bxa4 22. Nxa4 Rfc8 23. Rd2 Rc4 24. Nc3 a4 25. Nc1 a3 26. N1a2 axb2 27. Rb1 Ba6 28. Kf2 Rac8 29. Nd1 Rxc2 30. Rxb2 Rxd2+ 31. Bxd2 e4 32. fxe4 Nc5 33. Nb4 Bf6 34. Rc2 Nxe4+ 35. Ke3 Rxc2 36. Nxc2 Nc5 37. Kf3 Bd3 38. Nde3 h5 39. g3 g5 40. h3 Be5 41. Nb4 Be4+ 42. Kf2 Nb3 43. Be1 Bd4 44. Nc6 Bc5 45. Bb4 Kg7 46. Bxc5 Nxc5 47. h4 g4 48. Nb4 Bg6 49. Nc4 Ne4+ 50. Kg2 Kf6 51. Nc6 Bf5 52. Nd4 Bd7 53. Nc6 Bc8 54. Nb6 Ba6 55. Nd7+ Kg7 56. Nd4 Kg6 57. Nf8+ Kf6 58. Nd7+ Ke7 59. Nb6 Bb7 60. Ne2 Nf6 61. Nf4 Kd8 62. Nc4 Nxd5 63. Kf2 Nxf4 64. gxf4 Ke7 65. Ke3 g3 0-1